| 000 | 00430nam a22001697a 4500 | ||
|---|---|---|---|
| 005 | 20180704122437.0 | ||
| 008 | 160525b xxu||||| |||| 00| 0 eng d | ||
| 020 | _a81-272-1337-3 | ||
| 041 | _aeng | ||
| 082 |
_b4895 _a658.15 |
||
| 100 |
_aGupta, Shashi K & Aggarwal, Nisha _91240 |
||
| 245 | _aFinancial Services | ||
| 260 |
_aNew Delhi _bAcademic Faundation |
||
| 300 | _a19.47p, | ||
| 650 |
_aManagement _9241 |
||
| 942 | _cBK | ||
| 999 |
_c1707 _d1706 |
||